Mathematics for Management and Finance / (Record no. 10304)
[ view plain ]
| 000 -LEADER | |
|---|---|
| fixed length control field | 00938pam a2200277 a 4500 |
| 001 - CONTROL NUMBER | |
| control field | 4961821 |
| 005 - DATE AND TIME OF LATEST TRANSACTION | |
| control field | 20201128013446.0 |
| 008 - FIXED-LENGTH DATA ELEMENTS--GENERAL INFORMATION | |
| fixed length control field | 970408s1998 ohua 001 0 eng |
| 010 ## - LIBRARY OF CONGRESS CONTROL NUMBER | |
| LC control number | 97014322 |
| 020 ## - INTERNATIONAL STANDARD BOOK NUMBER | |
| International Standard Book Number | 9780538870993 |
| 040 ## - CATALOGING SOURCE | |
| Original cataloging agency | DLC |
| Transcribing agency | DLC |
| Modifying agency | DLC |
| 050 00 - LIBRARY OF CONGRESS CALL NUMBER | |
| Classification number | HF5691 |
| Item number | .S432 1998 |
| 082 00 - DEWEY DECIMAL CLASSIFICATION NUMBER | |
| Classification number | 650.01513 |
| Edition number | 21 |
| Item number | SHA |
| 100 1# - MAIN ENTRY--PERSONAL NAME | |
| Personal name | Shao, Stephen P. |
| Dates associated with a name | 1924- |
| 9 (RLIN) | 1277 |
| 245 10 - TITLE STATEMENT | |
| Title | Mathematics for Management and Finance / |
| Statement of responsibility, etc | Stephen P. Shao, Lawrence P. Shao. |
| 250 ## - EDITION STATEMENT | |
| Edition statement | 8th ed. |
| 260 ## - PUBLICATION, DISTRIBUTION, ETC. (IMPRINT) | |
| Place of publication, distribution, etc | Cincinnati, Ohio : |
| Name of publisher, distributor, etc | South-Western College Pub., |
| Date of publication, distribution, etc | c1998. |
| 260 ## - PUBLICATION, DISTRIBUTION, ETC. (IMPRINT) | |
| Name of publisher, distributor, etc | Distributer: Bacca. |
| 300 ## - PHYSICAL DESCRIPTION | |
| Extent | xii, 861 p. : |
| Other physical details | ill. ; |
| Dimensions | 24 cm. |
| 500 ## - GENERAL NOTE | |
| General note | Includes index. |
| 650 #0 - SUBJECT ADDED ENTRY--TOPICAL TERM | |
| Topical term or geographic name as entry element | Business mathematics |
| 9 (RLIN) | 801 |
| 653 ## - INDEX TERM--UNCONTROLLED | |
| Resource For college | |
| Arrived date list | October2011 |
| 700 1# - ADDED ENTRY--PERSONAL NAME | |
| Personal name | Shao, Lawrence P. |
| Dates associated with a name | 1958- |
| 9 (RLIN) | 1282 |
| 942 ## - ADDED ENTRY ELEMENTS (KOHA) | |
| Source of classification or shelving scheme | Dewey Decimal Classification |
| Item type | Book - Borrowing |
| Withdrawn status | Item status | Source of classification or shelving scheme | Damaged status | Not for loan | Vendor | Home library | Current library | Shelving location | Date acquired | Source of acquisition | Cost, normal purchase price | Total Checkouts | Total Renewals | Full call number | Barcode | Date last seen | Date last borrowed | Cost, replacement price | Koha item type | Materials specified (bound volume or other part) |
|---|---|---|---|---|---|---|---|---|---|---|---|---|---|---|---|---|---|---|---|---|
| Dewey Decimal Classification | Central Library | Central Library | First floor | 19/11/2008 | 180.00 | 21 | 30 | 650.01513 SHA | 000014249 | 15/07/2025 | 18/05/2016 | 225.00 | Book - Borrowing | |||||||
| Lost | Dewey Decimal Classification | Central Library | Central Library | First floor | 19/11/2008 | 180.00 | 7 | 1 | 650.01513 SHA | 000014250 | 21/10/2009 | 21/10/2009 | 225.00 | Book - Borrowing | Lost In Inventory_2005-2015/8/22 | |||||
| Lost | Dewey Decimal Classification | Central Library | Central Library | First floor | 19/11/2008 | 180.00 | 5 | 650.01513 SHA | 000014251 | 29/10/2009 | 28/10/2009 | 225.00 | NB - Book (Non borrowing) | Lost In Inventory_2005-2015/8/22 | ||||||
| Dewey Decimal Classification | Baccah | Central Library | Central Library | First floor | 08/10/2009 | 180.00 | 24 | 46 | 650.01513 SHA | 000018398 | 15/07/2025 | 18/03/2019 | 225.00 | Book - Borrowing | ||||||
| Dewey Decimal Classification | Baccah | Central Library | Central Library | First floor | 08/10/2009 | 180.00 | 9 | 1 | 650.01513 SHA | 000018317 | 15/07/2025 | 24/02/2013 | 225.00 | NB - Book (Non borrowing) | ||||||
| Lost and Paid For | Dewey Decimal Classification | Baccah | Central Library | Central Library | First floor | 22/09/2010 | 600.00 | 9 | 103 | 650.01513 SHA | 000021824 | 23/04/2018 | 23/04/2018 | 750.00 | Book - Borrowing | |||||
| Lost | Dewey Decimal Classification | Baccah | Central Library | Central Library | First floor | 22/09/2010 | 180.00 | 6 | 18 | 650.01513 SHA | 000021825 | 23/06/2013 | 10/02/2013 | 225.00 | Book - Borrowing | Lost In Inventory_2005-2015/8/22 | ||||
| Lost and Paid For | Dewey Decimal Classification | Baccah | Central Library | Central Library | First floor | 22/09/2010 | 600.00 | 3 | 24 | 650.01513 SHA | 000021826 | 15/09/2011 | 15/09/2011 | 750.00 | Book - Borrowing | |||||
| Lost | Dewey Decimal Classification | Baccah | Central Library | Central Library | First floor | 22/09/2010 | 180.00 | 1 | 650.01513 SHA | 000021827 | 05/10/2010 | 28/09/2010 | 225.00 | Book - Borrowing | Lost In Inventory_2005-2015/8/22 | |||||
| Dewey Decimal Classification | Baccah | Central Library | Central Library | First floor | 30/10/2011 | 180.00 | 14 | 30 | 650.01513 SHA | 000025516 | 15/07/2025 | 20/05/2017 | 225.00 | Book - Borrowing | ||||||
| Dewey Decimal Classification | Baccah | Central Library | Central Library | First floor | 30/10/2011 | 180.00 | 12 | 50 | 650.01513 SHA | 000025517 | 15/07/2025 | 09/05/2019 | 225.00 | Book - Borrowing | ||||||
| Dewey Decimal Classification | Central Library | Central Library | First floor | 20/08/2013 | 180.00 | 11 | 18 | 650.01513 SHA | 000028815 | 15/07/2025 | 09/05/2019 | 225.00 | Book - Borrowing |